000 00440nam a22001457a 4500
020 _qPB.
040 _cFIZZA ISHAQ
082 _a621.043
_bPUL
100 _aPulkrabek , Willard W.
_956114
245 _aPearson India Engineering Fundamentals of the Internal Combustion Engine /
_c Willard W. Pulkrabek.
250 _a2nd ED.
260 _aNew Delhi:
_bPearson,
_c2015.
300 _a485 p. ;
_c 7.99 x 10 x 1.85 inches
942 _2ddc
_cBK
999 _c616531
_d616531